Premier League German Best Scorer by Year - Statistics

General Stats
  • This quiz has been taken 983 times
    23 since last reset
  • The average score is 10 of 20
Answer Stats
Scorer % Correct
İlkay Gündoğan
100%
Kai Havertz
100%
Leroy Sané
91%
Mesut Özil
91%
Michael Ballack
91%
Pascal Groß
82%
Lukas Podolski
73%
Antonio Rüdiger
64%
Nick Woltemade
64%
André Schürrle
59%
Kevin Schade
59%
Jürgen Klinsmann
41%
Dietmar Hamann
36%
Robert Huth
32%
Christian Ziege
14%
Uwe Rösler
14%
Thomas Hitzlsperger
5%
Karl-Heinz Riedle
0%
Markus Babbel
0%
Michael Tarnat
0%
No matching quizzes found
Score Distribution
Percent of People with Each Score
Percentile by Number Answered
Your Score History
You have not taken this quiz since the last reset